00688nam a22002057a 450000500170000001000130001702000260003003500130005603700160006904000120008508200160009710000350011324501150014826000540026327000580031730000240037550000520039965000160045165000150046720170124110205.0 aB-120644 c550.00a9788121511315 aB-120644 bCen Lib/Ret aDPLbEN a181.45bCHA aChakravarti, Sudhindra Chandra aPhilosophical foundation of Bengal Vaiṣṇavism :cby Sudhindra Chandra Chakravartiba critical exposition / aNew Delhib Munshiram Manoharlal Publishersc2004 bNew Delhie110055aPost Box 5715, 54 Rani Jhansi Road axi,437p. c22cm(Hb) aIncludes bibliographical references and index  aVaishnavism aPhilosophy